00661nam a2200193Ia 4500008004100000082001300041100002400054245004800078250000900126260002900135300001200164500002400176650001500200700002200215942000700237952010300244952010300347999001700450230524s9999 xx 000 0 und d a612bCAR aJohn Crawford Adams 0aOutline of Orthopaedics (Adam's) (13th ed.) a13TH aNEW YORKbElsevierc2005 aVII;451 aQuantity Number: 2 aBiomedical a David L. Hamblen cBK 00104070aTATCLbTATCLcGENd2023-05-24l0o612 CARp19583r2023-05-24w2023-05-24yBKzCPEC5203 00104070aTATCLbTATCLcGENd2023-05-24l0o612 CARp19584r2023-05-24w2023-05-24yBKzCPEC5203 c37546d37546